| 000 | 00603 a2200181 4500 | ||
|---|---|---|---|
| 020 | _a0074716719 | ||
| 020 | _a9780074716717 | ||
| 090 |
_c2324 _d2324 |
||
| 100 | 1 | _aDeegan, Craig. | |
| 245 | 1 | 0 |
_aFinancial accounting theory / _cCraig Deegan. |
| 260 |
_a[S.l.] : _bMcGraw-Hill Education, _c2006. |
||
| 300 |
_a506 p. ; _c25 cm. |
||
| 500 | _aImport. | ||
| 500 | _aPaperback. | ||
| 856 | 4 | 0 |
_3Amazon.com _uhttp://www.amazon.com/exec/obidos/ASIN/0074716719/chopaconline-20 |
| 856 | 4 | 0 |
_3Amazon customer reviews _uhttp://www.chopac.org/cgi-bin/tools/azrev.pl?q=0074716719 |
| 942 |
_aNBS _cBK _k657.046 DEE |
||
| 999 |
_c344825 _d344825 |
||